История древнего Востока (Запис № 286293)

МАРК-запис
000 -LEADER
fixed length control field 00702nam a22002417a 4500
001 - CONTROL NUMBER
control field 35811
003 - CONTROL NUMBER IDENTIFIER
control field UA-OsUOA
005 - DATE AND TIME OF LATEST TRANSACTION
control field 20230504161204.0
007 - PHYSICAL DESCRIPTION FIXED FIELD--GENERAL INFORMATION
fixed length control field ta
008 - FIXED-LENGTH DATA ELEMENTS--GENERAL INFORMATION
fixed length control field 20051215b un ||||| |||| 00| 0 ukr d
040 ## - CATALOGING SOURCE
Original cataloging agency UA-OsUOA
Language of cataloging rus
Transcribing agency UA-OsUOA
Modifying agency UA-OsUOA
041 ## - LANGUAGE CODE
Language code of text/sound track or separate title rus
080 ## - UNIVERSAL DECIMAL CLASSIFICATION NUMBER
Universal Decimal Classification number 94(35)(075.8)
090 ## - LOCALLY ASSIGNED LC-TYPE CALL NUMBER (OCLC); LOCAL CALL NUMBER (OCLC)
Classification number (OCLC) (R) ; Classification number, CALL (RLIN) (NR) 94(35)(075.8)
Local cutter number (OCLC) ; Book number/undivided call number, CALL (RLIN) А-18
100 ## - MAIN ENTRY--PERSONAL NAME
Personal name Авдиев В. И.
245 ## - TITLE STATEMENT
Title История древнего Востока
260 ## - PUBLICATION, DISTRIBUTION, ETC. (IMPRINT)
Place of publication, distribution, etc М.
Name of publisher, distributor, etc Политиздат
Date of publication, distribution, etc 1953
300 ## - PHYSICAL DESCRIPTION
Extent 758 с.
650 #7 - SUBJECT ADDED ENTRY--TOPICAL TERM
Topical term or geographic name as entry element 9 Географія. Біографії. Історія
Source of heading or term UDC
942 ## - ADDED ENTRY ELEMENTS (KOHA)
Koha item type Книги
Source of classification or shelving scheme Universal Decimal Classification
955 ## - COPY-LEVEL INFORMATION (RLIN)
Classification number, CCAL (RLIN) Навчальні видання
Фонди
Withdrawn status Lost status Source of classification or shelving scheme Damaged status Not for loan Home library Current library Date acquired Source of acquisition Inventory number Total Checkouts Full call number Barcode Date last seen Price effective from Koha item type Cost, normal purchase price Date checked out
    Universal Decimal Classification     ЧЗ - Читальна зала ЧЗ - Читальна зала 15/12/2005 118/2005 87817   94(35)(075.8) А-18 87817 07/02/2022 15/12/2005 Книги    
    Universal Decimal Classification     ЧЗ - Читальна зала ЧЗ - Читальна зала 24/05/2005   85377 1 94(35) А18 85377 16/09/2024 24/05/2005 Книги 24.50 13/09/2024